000 00641nam a2200253Ia 4500
003 OSt
005 20221005031453.0
006 a|||||r|||| 00| 0
007 ta
008 221004b |||||||| |||| 00| 0 tam d
020 _c4.00
024 _a65025
037 _cTextual
040 _aCRL
_cCRL
_btam
041 _2tam
_atam
082 _aO31,3x, J8
100 _aKowsalya G. Au.
_9583757
245 0 _aKiruga Rani
260 _aChennai
_bAllience Company India
_c1958
300 _a305p.
_ccm.
650 _aTAMIL LITERATURE
942 _hO31,3x, J8
_cTEXL
_2cc
999 _c937815
_d937815